Statistiques concernant Pays où la mer gèle

Cliquez ici pour prendre le quiz!

Statistiques générales

  • Ce quiz a été pris 97 fois
  • Le résultat moyen est 14 sur 16

Statistiques - réponses

Pays% Correct
Canada
100%
Russie
99%
Suède
99%
Finlande
98%
Japon
98%
Norvège
98%
Etats-Unis
97%
Groenland | Danemark
96%
Estonie
92%
Lituanie
92%
Lettonie
91%
Chine
87%
Corée du Nord
85%
Pologne
83%
Allemagne
80%
Ukraine
54%

Distribution des résultats

Percentile par nombre de réponses

% des personnes avec chaque résultat

Votre développement - résultats

Vous n’avez pas pris ce quiz